000 00811nam a2200217Ii 4500
003 JO-AjNU
008 230605s9999||||xx |||||||||||||| ||und||
017 _a2013/4/1035
040 _aJO-AjNU
_bara
_erda
_cJO-AjNU
041 _aara
050 1 4 _aPN51 .S526 2013
100 3 _aشاهين، محمد,
_eauthor
_951813
245 0 0 _aإدوارد سعيد: رواية للأجيال
264 3 1 _aعمان: وزارة الثقافة، 2013
300 _a207ص
336 _atext
_btxt
_2rdacontent
337 _aunmediated
_bn
_2rdamedia
338 _avolume
_bnc
_2rdacarrier
490 0 _aمكتبة الاسرة الاردنية / مهرجان القراءة للجميع
650 4 _aالادباء العرب - تراجم - الادب العربي - فلسطين - القرن العشرين -
_951814
999 _aA22915
_c26483
_d26483